Công nghệ sinh khối và công nghệ chuyển đổi nhiệt năng thành điện năng
Nội dung sách giới thiệu về sinh khối, năng lượng và cơ sở lý thuyết các công nghệ chuyển đổi sang các dạng nhiên liệu và năng lương khác. Công nghệ và thiết bị chuyển hóa từ nhiệt năng thành điện năng....
Spremljeno u:
| Glavni autor: | |
|---|---|
| Format: | Knjiga |
| Jezik: | Undetermined |
| Izdano: |
Hà Nội
Bách khoa Hà Nội
2018
|
| Teme: | |
| Oznake: |
Dodaj oznaku
Bez oznaka, Budi prvi tko označuje ovaj zapis!
|
| Thư viện lưu trữ: | Trung tâm Học liệu Trường Đại học Cần Thơ |
|---|
| LEADER | 01003nam a2200193Ia 4500 | ||
|---|---|---|---|
| 001 | CTU_227075 | ||
| 008 | 210402s9999 xx 000 0 und d | ||
| 082 | |a 662.88 | ||
| 082 | |b D513 | ||
| 100 | |a Lê, Đức Dũng | ||
| 245 | 0 | |a Công nghệ sinh khối và công nghệ chuyển đổi nhiệt năng thành điện năng | |
| 245 | 0 | |c Lê Đức Dũng | |
| 260 | |a Hà Nội | ||
| 260 | |b Bách khoa Hà Nội | ||
| 260 | |c 2018 | ||
| 520 | |a Nội dung sách giới thiệu về sinh khối, năng lượng và cơ sở lý thuyết các công nghệ chuyển đổi sang các dạng nhiên liệu và năng lương khác. Công nghệ và thiết bị chuyển hóa từ nhiệt năng thành điện năng. | ||
| 650 | |a Chuyển đổi sinh khối,Năng lượng sinh khối,Biomass conversion,Biomass energy | ||
| 910 | |b dqhieu | ||
| 980 | |a Trung tâm Học liệu Trường Đại học Cần Thơ | ||